| 000 | 01061nam a2200241Ia 4500 | ||
|---|---|---|---|
| 001 | 19514 | ||
| 003 | GE_BSU | ||
| 008 | 181216s||||||||xx |||||||||||||| ||und|| | ||
| 040 | _cGE_BSU | ||
| 080 | _a811.353'367.626 | ||
| 100 | _aმარტიროსოვი , არამ. | ||
| 245 | _aნაცვალსახელი ქართველურ ენებში = Местоимение в картвельских языках | ||
| 245 | _bისტორიულ შედარებითი ანალიზი | ||
| 245 | _cრედაქტორი : თ. შარაშენიძე | ||
| 260 | _aთბილისი | ||
| 260 | _bსაქართველოს სსრ მეცნიერებათა აკადემიის გამომცემლობა | ||
| 260 | _c1964 | ||
| 300 | _a402გვ;22სმ. | ||
| 541 | _h3ლ.64თ. | ||
| 653 | _aნაცვალსახელი ქართველურ ენებში. | ||
| 653 | _aქართული ენა | ||
| 942 | _cBK | ||
| 999 |
_c52491 _d52491 |
||